000 01071nam a2200265Ia 4500
999 _c53633
_d53633
001 20680
003 GE_BSU
005 20221108160200.0
008 181216s2017|||| |||||||||||||| ||eng||
020 _a9780323340625x
040 _cGE_BSU
041 _aeng
080 _a617.5 B-68
245 _aBlumgart's Surgery of the Liver, Biliary Tract and Pancreas :
_bVolume 2 /
_cEditor W. R. Jarnagin.
250 _a6 th edition
264 _aPhiladelfia :
_bElsevier,
_c2017.
300 _a1927p. :
_b ill.;
_c 28cm.
541 _h537 Gel.
653 _aBlumgart's Surgery of the Liver, Biliary Tract and Pancreas
653 _aХирургия Блюмгарта в печени, билиарном тракте и поджелудочной железе.
653 _aმედიცინა
653 _aღვიძლის, ბილიარული ტრაქტის და პანკრეასის ბლუმგარტის ქირურგია
700 _aJarnagin, W. R.
_eრედაქტორი
_910316
942 _cBK
_2udc